| 000 | 01456nam0a2200313 4500 | ||
|---|---|---|---|
| 001 | RU\NLR\bibl\1043658 | ||
| 005 | 20260405122930.0 | ||
| 010 |
_a5-9667-0240-3 _95700 |
||
| 021 |
_aRU _b2006-84249 _94264 |
||
| 035 | _a(NLR Aleph) 001031037 | ||
| 090 |
_a758738 _c758738 |
||
| 100 | _a20070212d2006 |||y0rusy50 ca | ||
| 101 | 0 | _arus | |
| 102 | _aRU | ||
| 105 | _aa ||||||||| | ||
| 200 | 1 |
_aКто как видит _eзрительный анализатор: от одноклеточных до человека _fГ.Н. Тихонова, Н.Ю. Феоктистова |
|
| 210 |
_aМосква _cЧистые пруды _d2006 |
||
| 215 |
_a32 с. _cил. _d21 |
||
| 225 | 1 |
_aБиблиотечка "Первого сентября" _iСерия "Биология" _fобщ. ред. Н.Г. Иванова _vВып. 6 (12) |
|
| 606 | 1 |
_aБиология _jУчебные издания _xПреподавание _xСредняя школа _91140659 _3RU\NLR\auth\66135513 |
|
| 686 | _aЧ426.45я7 | ||
| 700 | 1 |
_4070 _7ca _8rus _aТихонова _bГ. Н. _cканд. биол. наук _gГалина Николаевна _931630 _3RU\NLR\auth\7748695 |
|
| 701 | 1 |
_4070 _7ca _8rus _aФеоктистова _bН. Ю. _cд-р биол. наук _gНаталья Юрьевна _931634 _3RU\NLR\AUTH\7748699 |
|
| 801 | 0 |
_aRU _bNLR _c20070212 _gRCR |
|
| 801 | 1 |
_aRU _bNLR _c20070212 |
|
| 830 | _aАвт. по кн. | ||
| 942 | _cBOOK | ||
| 980 | _aNB | ||